A modern biology / (Record no. 80722)

MARC details
000 -LEADER
campo de control de longitud fija 00610nam a2200193 i 4500
001 - NÚMERO DE CONTROL
campo de control 80722
003 - IDENTIFICADOR DE NÚMERO DE CONTROL
campo de control ES-MaACL
005 - FECHA Y HORA DE LA ÚLTIMA TRANSACCIÓN
campo de control 20230906174300.0
007 - CAMPO FIJO DE DESCRIPCIÓN FÍSICA--INFORMACIÓN GENERAL
campo de control de longitud fija t|
008 - DATOS DE LONGITUD FIJA--INFORMACIÓN GENERAL
campo de control de longitud fija 041029s1946 xxk ||||1| eng d
100 1# - ENTRADA PRINCIPAL--NOMBRE DE PERSONA
Nombre de persona Holmes, Ernest John.
9 (RLIN) 64053
245 12 - MENCIÓN DEL TÍTULO
Título A modern biology /
Mención de responsabilidad, etc. by Ernest J. Holmes and R. Darnley Gibbs ; foreword by Ralph H. Crowley.
250 ## - MENCION DE EDICION
Mención de edición [3rd ed.].
260 ## - PUBLICACIÓN, DISTRIBUCIÓN, ETC.
Lugar de publicación, distribución, etc. Cambridge :
Nombre del editor, distribuidor, etc. Cambridge University Press,
Fecha de publicación, distribución, etc. 1946.
300 ## - DESCRIPCIÓN FÍSICA
Extensión XVI, 278 p. :
Otras características físicas il. ;
Dimensiones 19 cm.
700 1# - ENTRADA AGREGADA--NOMBRE PERSONAL
Nombre de persona Darnley Gibbs, R.
9 (RLIN) 42743
700 1# - ENTRADA AGREGADA--NOMBRE PERSONAL
Nombre de persona Crowley, Ralph H.
9 (RLIN) 41745
852 ## - LOCALIZACIÓN
Ubicación ES-MaACL
Número de control de estantería C-4877
Sublocalización o colección R.25593
Holdings
Estatus retirado Estado de pérdida Estado de daño No para préstamo Biblioteca de origen Biblioteca actual Ubicación en estantería Fecha de adquisición Fuente de adquisición Total de préstamos Signatura topográfica completa Código de barras Visto por última vez Precio de reemplazo Tipo de ítem Koha
        Biblioteca del Ateneo de Madrid Biblioteca del Ateneo de Madrid Sala Palomar 17/01/2008     C-4877 1084396 23/02/2023 23/02/2023 Libro impreso